000 00618nam a2200181 i 4500
001 141802
003 ES-MaACL
005 20230906200354.0
007 t|
008 070928s1971 sp ||||1| spa d
080 _a347.453.3(46)
100 1 _aVintro Terres, Jaime María.
_9115342
245 1 0 _aTus derechos como inquilino
_b: guía legal práctica para todos sobre alquileres y desahucios /
_cJaime María Vintro Terres.
260 _aBarcelona :
_bDe Vecchi,
_c[1971]
300 _a197 p. ;
_c19 cm.
650 4 _aArrendamiento urbano-
_zEspaña-
_vLegislación.
_910065
852 _aES-MaACL
_jC-49093
_bR.80258
999 _c141802
_d141802